01018nam a2200217Ia 4500008004100000082001800041100002300059245007300082250000800155260002700163300001200190500002400202650001500226942000700241952010700248952010700355952010700462952010700569952010700676999001700783230524s9999 xx 000 0 und d a658.4012bCHE aFrancis Cherunilam 0aStrategic Management : A Book on Business Policy/ Corporate Planning aIST aMUMBAIbHimalayac2009 aVII;262 aQuantity Number: 5 aManagement cBK 00104070aTATCLbTATCLcGENd2023-05-24l0o658.4012 CHEp37819r2023-05-24w2023-05-24yBKzMBA305A 00104070aTATCLbTATCLcGENd2023-05-24l0o658.4012 CHEp37820r2023-05-24w2023-05-24yBKzMBA305A 00104070aTATCLbTATCLcGENd2023-05-24l0o658.4012 CHEp37821r2023-05-24w2023-05-24yBKzMBA305A 00104070aTATCLbTATCLcGENd2023-05-24l0o658.4012 CHEp37822r2023-05-24w2023-05-24yBKzMBA305A 00104070aTATCLbTATCLcGENd2023-05-24l0o658.4012 CHEp37823r2023-05-24w2023-05-24yBKzMBA305A c46787d46787